Las alegres aventuras de Robin Hood (Registro nro. 5032)

Detalles MARC
000 -CABECERA
Longitud fija campo de control 01296nam a2200349Ia 4500
005 - • FECHA Y HORA DE LA ÚLTIMA TRANSACCIÓN
Fecha y hora de la última transacción 20220317000759.0
008 - • CÓDIGOS DE INFORMACIÓN DE LONGITUD FIJA
Códigos de información de longitud fija 160601s2004 ck a g 000 f spa
020 ## - • NÚMERO INTERNACIONAL NORMALIZADO PARA LIBROS
Número Internacional Normalizado para Libros (ISBN) 9586332535
040 ## - FUENTE DE LA CATALOGACIÓN
Centro catalogador de origen CO-BoRNBP
Lengua de catalogación spa
Normas de descripción rda
Centro transcriptor CO-BoRNBP
084 ## - • Clasificación Local Alfanúmerica PNLB
Número de clasificación N PYL1
100 1# - • PUNTO DE ACCESO PRINCIPAL-NOMBRE DE PERSONA
Nombre de persona Pyle, Howard,
Fechas asociadas al nombre 1853-1911
245 14 - • TITULO PROPIAMENTE DICHO
Título Las alegres aventuras de Robin Hood
Mención de responsabilidad, etc. texto e ilustraciones Howard Pyle ; traducción, apéndice y notas Juan Manuel Ibeas
250 ## - • MENCIÓN DE EDICIÓN
Mención de edición 6a. reimpresión
264 ## - PRODUCCIÓN, PUBLICACIÓN , DISTRIBUCIÓN, FABRICACIÓN Y COPYRIGHT
Lugar de producción, publicación, distribución, fabricación Bogotá
Nombre del productor, editor, distribuidor, fabricante Rei Andes
Fecha de de producción, publicación, distribución, fabricación o copyright 2004
300 ## - • DESCRIPCIÓN FÍSICA
Extensión 384 páginas
Otras características físicas ilustraciones
Dimensiones 20 cm
336 ## - TIPO DE CONTENIDO
Término de tipo de contenido texto
Código de tipo de contenido txt
Fuente rdacontent
337 ## - TIPO DE MEDIO
Nombre del tipo de medio sin mediación
Código del tipo de medio n
Fuente rdamedia
338 ## - TIPO DE SOPORTE
Nombre del tipo de soporte volumen
Código del tipo de soporte nc
Fuente rdacarrier
490 ## - • MENCIÓN DE SERIE
Mención de serie Tus libros
Nombre de la parte/sección (NR) Aventuras
500 ## - • NOTA GENERAL
Nota general Incluye apéndice crítico
504 ## - • NOTA DE BIBLIOGRAFÍA, ETC
Nota de bibliografía, etc. Incluye bibliografía
534 ## - • Nota De Versión Original
Título The Merry Adventures of Robin Hood
650 14 - • PUNTO DE ACCESO ADICIONAL DE MATERIA - TÉRMINO DE MATERIA
Fuente del encabezamiento o término LEMB
Término de materia o nombre geográfico como elemento inicial Novela estadounidense
Subdivisión cronológica Siglo XIX
650 14 - • PUNTO DE ACCESO ADICIONAL DE MATERIA - TÉRMINO DE MATERIA
Fuente del encabezamiento o término LEMB
Término de materia o nombre geográfico como elemento inicial Literatura estadounidense
Subdivisión cronológica Siglo XIX
650 14 - • PUNTO DE ACCESO ADICIONAL DE MATERIA - TÉRMINO DE MATERIA
Fuente del encabezamiento o término LEMB
Término de materia o nombre geográfico como elemento inicial Problemas sociales en la literatura
650 14 - • PUNTO DE ACCESO ADICIONAL DE MATERIA - TÉRMINO DE MATERIA
Fuente del encabezamiento o término LEMB
Término de materia o nombre geográfico como elemento inicial Historias en la literatura
650 14 - • PUNTO DE ACCESO ADICIONAL DE MATERIA - TÉRMINO DE MATERIA
Fuente del encabezamiento o término LEMB
Término de materia o nombre geográfico como elemento inicial Edad media en la literatura
650 14 - • PUNTO DE ACCESO ADICIONAL DE MATERIA - TÉRMINO DE MATERIA
Fuente del encabezamiento o término LEMB
Término de materia o nombre geográfico como elemento inicial Justicia social en la literatura
700 1# - • PUNTO DE ACCESO ADICIONAL - NOMBRE DE PERSONA
Nombre de persona Ibeas, Juan Manuel,
Término indicativo de función traductor
700 1# - • PUNTO DE ACCESO ADICIONAL - NOMBRE DE PERSONA
Nombre de persona Pyle, Howard,
Fechas asociadas al nombre 1853-1911
Término indicativo de función ilustrador
942 ## - ENTRADA DE ELEMENTOS AGREGADOS (KOHA)
Fuente de clasificaión o esquema
Koha [por defecto] tipo de item Libro Literatura
Existencias
Perdido Fuente de clasificación o esquema Estado Físico No para préstamo Localización permanente Localización actual Localización en estanterías Fecha adquisición Préstamos totales Signatura completa Código de barras Fecha última consulta Número de copia Fecha del precio de reemplazo Tipo de item de Koha Forma de adquisición
  Dewey Decimal Classification     Biblioteca Pública Mapiripan Biblioteca Pública Mapiripan Literatura 01/18/2024   N PYL1 MAP00002274 01/18/2024 Ej.1 01/18/2024 Libro Literatura Sala General
  Dewey Decimal Classification     Biblioteca Pública Puerto Rico Biblioteca Pública Puerto Rico Literatura 12/15/2022   NPYL1Ej.1 PR000000L217 12/15/2022 Ej.1 12/15/2022 Libro Literatura  
  Dewey Decimal Classification     Biblioteca Pública Uribe - Reinerio Arenas Biblioteca Pública Uribe - Reinerio Arenas Literatura 10/17/2024   N PYL1 URI01762 10/17/2024 Ej.1 10/17/2024 Libro Literatura Colección General









Instituto Departamental de Cultura del Meta - Red Departamental de Bibliotecas Públicas del Meta.